Welcome to the Holygrace Academy Library

Please use search bar below to get started

SARASWATI COMPUTER SCIENCE WITH PYTHON (Record no. 564)

MARC details
000 -LEADER
fixed length control field 00323nam a22001217a 4500
020 ## - INTERNATIONAL STANDARD BOOK NUMBER
ISBN 9789350416778
082 ## - DEWEY DECIMAL CLASSIFICATION NUMBER
Classification number 004
Item number SAH/C
100 ## - MAIN ENTRY--AUTHOR NAME
Personal name REETA SAHOO, GAGAN SAHOO
245 ## - TITLE STATEMENT
Title SARASWATI COMPUTER SCIENCE WITH PYTHON
Remainder of title CLASS XI
260 ## - PUBLICATION, DISTRIBUTION, ETC. (IMPRINT)
Place of publication NEW DELHI
Name of publisher SARASWATI HOUSE PVT LTD
650 ## - SUBJECT ADDED ENTRY--TOPICAL TERM
Topical Term CS FOR CLASS XI
Geographic subdivision INDIA
942 ## - ADDED ENTRY ELEMENTS (KOHA)
Koha item type Books
Holdings
Withdrawn status Lost status Collection code Home library Current library Shelving location Date acquired Source of acquisition Cost, normal purchase price Full call number Accession Number Koha item type
    Reference Main Library Main Library SELF 11 E PLUS ONE INFORMATIC PRACTICE &COMMERCE 18/09/2014 purchase 180.00 004 SAH/C 09508 Books